000 01188nam a22003375i 4500
001 163069
003 ES-MaACL
005 20250730063143.0
008 960304s18411842sp |||| | spa d
040 _aEUS
_bspa
_cES-MaACL
080 _a342.1/.6
080 _a32
100 1 _aReal de Curban, Gaspard de
_eaut
_9131637
245 1 3 _aLa ciencia del gobierno :
_bobra de moral, de derecho y política /
_cpor Mr. de Real Gran Senescal de Forcalquier
260 _aBarcelona :
_b[s.n.],
_c1841-1842
_f(Imp. de los Herederos de Roca)
300 _a2 volúmenes (XXIV, 537, [1] en blanco, 12 ; 417, [1] en blanco, 9 páginas) ;
_c25 cm
596 _aEl imp. del v. III es Tomás Gaspar
597 _aSignaturizado
597 _aAntep.
597 _aApostillas marginales
650 7 _aDerecho político
_9135897
650 7 _aPolítica
_2embne
_9140345
700 1 _aGaspar, Tomás,
_dfl. 1822-1856
_eprm
_9241432
710 2 _aRoca, Herederos de
_eprm
_9241433
752 _aEspaña -
_dBarcelona
852 _aES-MaACL
_cSPAL
_jC-3164-65
_xPasta española
942 _cMONANT
_n0
999 _c163069
_d163069